[Event "Bob Wade mem Challengers 2"]
[Site "Howick"]
[Date "2023.01.19"]
[Round "8"]
[White "Tang, Tracy"]
[Black "Zhang, Charles"]
[Result "1/2-1/2"]
[WhiteElo "1379"]
[BlackElo "1513"]
[PlyCount "72"]
[EventDate "2023.01.14"]
[EventType "tourn"]
[EventRounds "9"]
[EventCountry "NZL"]
[SourceTitle "EXT 2024"]
[Source "ChessBase"]
[SourceDate "2023.10.10"]
[SourceVersion "1"]
[SourceVersionDate "2023.10.10"]
[SourceQuality "1"]

1. d4 b6 2. c4 Bb7 3. Nf3 e6 4. Nc3 d6 5. Bf4 Nd7 6. e3 Ne7 7. Be2 g6 8. Rc1 Bg7 9. 0-0 h6 10. Nd2 e5 11. dxe5 dxe5 12. Bg3 0-0 13. Bf3 Nc6 14. b4 f5 15. b5 Na5 16. Bxb7 Nxb7 17. f4 e4 18. Ndxe4 fxe4 19. Qd5+ Rf7 20. Qxb7 Nc5 21. Qc6 Bxc3 22. Rxc3 Rf6 23. Qd5+ Qxd5 24. cxd5 Rf5 25. Rd1 Rd8 26. Ra3 Rfxd5 27. Rxd5 Rxd5 28. Rxa7 Rd1+ 29. Kf2 Nd3+ 30. Ke2 Rc1 31. f5 gxf5 32. Rxc7 Rg1 33. a4 Rxg2+ 34. Kf1 Ra2 35. Rc6 Kg7 36. Rxb6 Rxa4 1/2-1/2

[Event "Bob Wade mem Challengers 2"]
[Site "Howick"]
[Date "2023.01.18"]
[Round "7"]
[White "Xu, Luna Yuexiu"]
[Black "Zhang, Charles"]
[Result "1-0"]
[WhiteElo "1446"]
[BlackElo "1513"]
[PlyCount "101"]
[EventDate "2023.01.14"]
[EventType "tourn"]
[EventRounds "9"]
[EventCountry "NZL"]
[SourceTitle "EXT 2024"]
[Source "ChessBase"]
[SourceDate "2023.10.10"]
[SourceVersion "1"]
[SourceVersionDate "2023.10.10"]
[SourceQuality "1"]

1. e4 b6 2. d4 Bb7 3. Nc3 e6 4. Bd3 d6 5. Nf3 g6 6. Be3 Bg7 7. 0-0 Nd7 8. d5 e5 9. Nd2 f5 10. exf5 gxf5 11. Qh5+ Kf8 12. Qxf5+ Ndf6 13. Nde4 Ne7 14. Qf3 Nexd5 15. Nxf6 Qxf6 16. Qxf6+ Bxf6 17. Bh6+ Ke7 18. Nxd5+ Bxd5 19. f4 e4 20. Rae1 Bd4+ 21. Kh1 e3 22. c3 Rag8 23. Bg5+ Kf7 24. cxd4 h6 25. Rxe3 Kf8 26. Be4 Bxe4 27. Rxe4 hxg5 28. fxg5+ Kg7 29. Re7+ Kg6 30. Rxc7 Rc8 31. Rxa7 Rc2 32. h3 Rxb2 33. Rf6+ Kxg5 34. Rxd6 Re8 35. Rg7+ Kf4 36. Rgg6 b5 37. Rg4+ Ke3 38. Rd5 Kd3 39. h4 Rb8 40. a3 Rb1+ 41. Kh2 Ra1 42. Rg3+ Ke4 43. Rd7 Rh8 44. Rh3 Kf4 45. h5 Rb1 46. h6 Kf5 47. h7 Kg6 48. Rg3+ Kh6 49. Rd6+ Kh5 50. Rg7 Rb3 51. g4+ 1-0

[Event "Bob Wade mem Challengers 2"]
[Site "Howick"]
[Date "2023.01.15"]
[Round "2"]
[White "Zhang, Charles"]
[Black "McDonald, Duncan"]
[Result "0-1"]
[WhiteElo "1513"]
[BlackElo "1469"]
[PlyCount "61"]
[EventDate "2023.01.14"]
[EventType "tourn"]
[EventRounds "9"]
[EventCountry "NZL"]
[SourceTitle "EXT 2024"]
[Source "ChessBase"]
[SourceDate "2023.10.10"]
[SourceVersion "1"]
[SourceVersionDate "2023.10.10"]
[SourceQuality "1"]

1. g3 d5 2. Bg2 e5 3. d3 c6 4. Nd2 Bg4 5. h3 Bh5 6. g4 Bg6 7. e3 Bd6 8. Ne2 Ne7 9. f4 f6 10. Nf3 Nd7 11. b3 Qa5+ 12. c3 0-0 13. f5 Bf7 14. 0-0 Qc7 15. Nd2 Qb6 16. Kh1 Rfd8 17. h4 Rac8 18. Qc2 Bb8 19. Ba3 c5 20. c4 Qc7 21. Nc3 e4 22. Rf4 Qa5 23. Rf2 Qxa3 24. dxe4 dxc4 25. Nxc4 Bxc4 26. bxc4 Ne5 27. Nd5 Nxd5 28. exd5 Qxe3 29. Rb1 b6 30. Re2 Qg3 31. Rb3 0-1

[Event "Auckland Morrison Memorial"]
[Site "Auckland"]
[Date "2022.10.23"]
[Round "5"]
[White "Le Grange, Rauen"]
[Black "Zhang, Charles"]
[Result "1-0"]
[WhiteElo "1639"]
[BlackElo "1511"]
[PlyCount "71"]
[EventDate "2022.10.22"]
[EventType "swiss"]
[EventRounds "6"]
[EventCountry "NZL"]
[SourceTitle "EXT 2024"]
[Source "ChessBase"]
[SourceDate "2023.10.10"]
[SourceVersion "1"]
[SourceVersionDate "2023.10.10"]
[SourceQuality "1"]

1. e4 c5 2. d3 d6 3. g3 g6 4. Bg2 Bg7 5. Nc3 Nc6 6. Nge2 e6 7. 0-0 Nge7 8. Be3 Qb6 9. Rb1 Bd7 10. Qd2 h5 11. b4 Nxb4 12. a3 a5 13. axb4 axb4 14. Nd1 Ra2 15. Nc1 Ra3 16. Nb3 0-0 17. Bh6 Bxh6 18. Qxh6 Qa6 19. Ne3 b5 20. e5 Rc8 21. Qg5 Kf8 22. exd6 Qxd6 23. Rfd1 e5 24. Nd2 f5 25. Qh6+ Kg8 26. Nf3 Bc6 27. Ng5 Qf6 28. Bxc6 Rxc6 29. Ng2 Qg7 30. Qxg7+ Kxg7 31. f4 Nd5 32. Re1 exf4 33. Nxf4 Nxf4 34. gxf4 Kf6 35. Re8 Rc3 36. Rbe1 1-0

[Event "North Island-ch"]
[Site "Auckland"]
[Date "2022.07.15"]
[Round "3"]
[White "Zhang, Charles"]
[Black "Po E Tofaeono, Grayson"]
[Result "1/2-1/2"]
[WhiteElo "1629"]
[BlackElo "1459"]
[PlyCount "153"]
[EventDate "2022.07.14"]
[EventType "swiss"]
[EventRounds "9"]
[EventCountry "NZL"]
[SourceTitle "EXT 2024"]
[Source "ChessBase"]
[SourceDate "2023.10.10"]
[SourceVersion "1"]
[SourceVersionDate "2023.10.10"]
[SourceQuality "1"]

1. d4 c5 2. e3 cxd4 3. exd4 Nf6 4. Nf3 e6 5. Bg5 h6 6. Bh4 Be7 7. Bd3 d5 8. 0-0 Nc6 9. c3 0-0 10. Nbd2 Nh7 11. Bxe7 Nxe7 12. Qc2 Nf6 13. b4 Bd7 14. a4 Rc8 15. Rfc1 Nc6 16. Nb3 Nxb4 17. Qd2 Nxd3 18. Qxd3 Bc6 19. Ne5 Ne4 20. f3 Nd6 21. Nc5 b6 22. Nb3 Be8 23. a5 Bb5 24. Qd1 Nc4 25. axb6 axb6 26. Nxc4 Bxc4 27. Rcb1 Rc7 28. Nd2 Qg5 29. Qe1 Bd3 30. Rxb6 Rxc3 31. Ne4 dxe4 32. Qxc3 exf3 33. Rb2 Be2 34. g3 Qh5 35. Qe3 Rd8 36. Rd2 Qh3 37. Qf2 e5 38. d5 e4 39. Rxe2 fxe2 40. Qxe2 Qf5 41. Re1 Qxd5 42. Qxe4 Qxe4 43. Rxe4 Rd2 44. h4 Kh7 45. h5 Rd5 46. g4 Rg5 47. Kf2 g6 48. Re7 Kg7 49. hxg6 Kxg6 50. Re4 h5 51. gxh5+ Rxh5 52. Ra4 Re5 53. Kf3 Rf5+ 54. Kg4 f6 55. Ra6 Rg5+ 56. Kf4 Rg1 57. Rb6 Rc1 58. Rb4 Rh1 59. Rb5 Rh4+ 60. Kg3 Rc4 61. Rb6 Kg5 62. Rb5+ f5 63. Rb3 Rc1 64. Kf3 Rh1 65. Kg2 Rh8 66. Rg3+ Kf4 67. Ra3 Rg8+ 68. Kf2 Rc8 69. Ra4+ Kg5 70. Ra3 Rc2+ 71. Kf3 Rh2 72. Kg3 Rh4 73. Ra5 Rd4 74. Ra3 Rg4+ 75. Kf3 f4 76. Ra5+ Kh4 77. Rf5 1/2-1/2

[Event "North Island-ch"]
[Site "Auckland"]
[Date "2022.07.14"]
[Round "1"]
[White "Zhang, Charles"]
[Black "McDonald, Duncan"]
[Result "0-1"]
[WhiteElo "1629"]
[BlackElo "1284"]
[PlyCount "86"]
[EventDate "2022.07.14"]
[EventType "swiss"]
[EventRounds "9"]
[EventCountry "NZL"]
[SourceTitle "EXT 2024"]
[Source "ChessBase"]
[SourceDate "2023.10.10"]
[SourceVersion "1"]
[SourceVersionDate "2023.10.10"]
[SourceQuality "1"]

1. d4 d5 2. Bf4 c5 3. e3 Nc6 4. Nf3 Nf6 5. c3 Bf5 6. Bd3 Bg6 7. 0-0 e6 8. Bxg6 hxg6 9. Nbd2 Be7 10. dxc5 Bxc5 11. b4 Bd6 12. Bxd6 Qxd6 13. Nb3 Rc8 14. Rc1 Ne5 15. Nbd4 Nxf3+ 16. Nxf3 b5 17. a4 a6 18. axb5 axb5 19. Qe2 Qb8 20. h3 0-0 21. Nd4 Rc4 22. Rc2 Ne4 23. Rfc1 Rfc8 24. Qd3 Qb7 25. f3 Nd6 26. Nb3 Qb6 27. Ra1 Qc7 28. Nc5 Nb7 29. Ra7 Nxc5 30. Qxc4 Qxa7 31. Qxb5 Qa6 32. c4 Qa1+ 33. Kh2 Na6 34. Qd7 Qe5+ 35. f4 Qb8 36. b5 Nb4 37. Rb2 Rxc4 38. Qe7 Nd3 39. Ra2 Rc7 40. Qd6 Rb7 41. Qc6 Nb4 42. Qc3 Nxa2 43. Qa5 Ra7 0-1